000 01108cad a22002055a 4500
001 L155891
008 120419s2012 xxk f 000 0 eng d
035 _a(Sirsi) u155891
041 0 _aeng
110 2 _aUnited Kingdom
_bDepartment of Energy and Climate Change
_95850
245 0 0 _aInvitation for comments on the report: Preese hall shale gas fracturing: review & recommendations for induced seismic mitigation
_h[electronic resource]
260 _c2012
520 _aComments are invited on the report by a panel of independent experts who reported to DECC on the seismic events experienced in the Blackpool area during 2011 hydraulic fracturing operations at Preese Hall. Report makes recommendations to mitigate the risks of similar events in future fracturing operations. Responses should be sent, by 25 May 2012.
590 _aKA NTK
651 4 _aUnited Kingdom
690 _aEnergy
_96237
690 _aEnvironment
_96238
856 4 0 _uhttps://og.decc.gov.uk/en/olgs/cms/explorationpro/onshore/cuadrilla_decc/cuadrilla_decc.aspx
_zView the item free of charge at www.decc.gov.uk
942 _n0
999 _c113900
_d113900